00480nam a2200169 a 4500008004100000020002500041245004300066250001200109260005500121300004100176500002000217650002400237700002200261003000100283005001700284040000900301  a9780321536167 (pbk.)10aBiology /c Neil A Campbell...[et al.] a8th ed. aSan Francisco :bPearson/Benjamin Cummings,c2008. axlvi, 1267 p. :bcol. ill. ;c28 cm. aIncludes index. aBiologyvTextbooks. aCampbell, Neil A.20230123122159.0 cNUST